000 00256nam a22001097a 4500
999 _c8207
_d8207
003 OSt
005 20200812161405.0
008 200812b ||||| |||| 00| 0 eng d
020 _a9789881296603
245 _aLndscape Record
_bsustainable landscape
942 _2ddc